| 000 | 01095nam a22003257a 4500 | ||
|---|---|---|---|
| 001 | BR0404124 | ||
| 003 | BR-BrBNA | ||
| 005 | 20230928101712.0 | ||
| 007 | ta | ||
| 008 | 230509b bl.||||| |||| 00| 0 por d | ||
| 040 |
_aBR-BrBNA _bpor _cBiblioteca Nacional de Agricultura |
||
| 041 | _a(Por) | ||
| 072 | _aC10; H10; H01 | ||
| 090 | _ C10 BR0404124 | ||
| 100 | 1 | _aMenezes, E.B. | |
| 100 | 1 | _aSalgado, L.O. | |
| 100 | 1 | _aConceição, M.Z. da | |
| 110 | 1 |
_aAssociação Brasileira de Educação Agrícola Superior, Brasília, DF (Brasil) _9275 |
|
| 245 | 1 |
_aCurso de proteção de plantas; modulo 6 - manejo integrado em defesa fitossanitária; 6.1 - manejo integrado de pragas e receituário agronômico _bCurso de Especialização por Tutoria à Distância |
|
| 260 | 3 |
_aBrasília, DF (Brasil): _c1997. |
|
| 300 | _avp. | ||
| 500 | _aSeveral bibliography; 8 illus. | ||
| 650 | _aCURSO | ||
| 650 | _aPRAGA DE PLANTA | ||
| 650 | _aCONTROLE INTEGRADO | ||
| 650 | _aRECEITUÁRIO AGRONÔMICO | ||
| 650 | _aDEFESA VEGETAL | ||
| 909 |
_a202309 _bLucia _c55 _dLucia Elande |
||
| 942 | _cBK | ||
| 999 |
_c67162 _d67162 |
||